Pāśera bāṛīra meẏe. (Record no. 79994)

MARC details
000 -LEADER
fixed length control field 00575cam a22002291 4500
001 - CONTROL NUMBER
control field sa 68004138
003 - CONTROL NUMBER IDENTIFIER
control field DLC
005 - DATE AND TIME OF LATEST TRANSACTION
control field 20260227112459.0
008 - FIXED-LENGTH DATA ELEMENTS--GENERAL INFORMATION
fixed length control field 940808s1965 ii 000 1 benr
010 ## - LIBRARY OF CONGRESS CONTROL NUMBER
LC control number sa 68004138
025 ## - OVERSEAS ACQUISITION NUMBER
Overseas acquisition number PL480:EP-B-1448
035 ## - SYSTEM CONTROL NUMBER
System control number (OCoLC)30905459
040 ## - CATALOGING SOURCE
Original cataloging agency DLC
Transcribing agency CU
Modifying agency CU
-- DLC
042 ## - AUTHENTICATION CODE
Authentication code premarc
050 00 - LIBRARY OF CONGRESS CALL NUMBER
Classification number PK1718.A365
Item number P3
100 1# - MAIN ENTRY--PERSONAL NAME
Personal name Ahmad, Reyazuddin.
245 10 - TITLE STATEMENT
Title Pāśera bāṛīra meẏe.
260 ## - PUBLICATION, DISTRIBUTION, ETC.
Date of publication, distribution, etc. [1965]
300 ## - PHYSICAL DESCRIPTION
Extent 105 p. (p.[101]-105 advertisements)
Dimensions 19 cm.
500 ## - GENERAL NOTE
General note In Bengali.
500 ## - GENERAL NOTE
General note A novel.

No items available.

Powered by Koha